000 01247nam a2200301Ia 4500
001 ebr10330695
003 CaPaEBR
006 m u
007 cr cn|||||||||
008 090528s2009 caua s 000 0 eng d
020 _z9781932595376 (pbk.)
020 _z1932595376 (pbk.)
040 _aCaPaEBR
_cCaPaEBR
035 _a(OCoLC)646830247
050 1 4 _aBL2532.P76
_bL68 2009eb
245 0 0 _aLove, sex, fear, death
_h[electronic resource] :
_bthe untold story of the Process Church of the Final Judgement /
_cedited by Thomas R. Wyllie & Adam Parfrey.
260 _aLos Angeles, Calif. :
_bFeral House,
_c2009.
300 _a302 p., [28] p. :
_bill.
533 _aElectronic reproduction.
_bPalo Alto, Calif. :
_cebrary,
_d2009.
_nAvailable via World Wide Web.
_nAccess may be limited to ebrary affiliated libraries.
610 2 0 _aProcess Church of the Final Judgement.
610 2 0 _aProcess Church of the Final Judgement
_xHistory.
650 0 _aReligion.
655 7 _aElectronic books.
_2local
700 1 _aWyllie, Thomas R.
700 1 _aParfrey, Adam,
_d1957-
710 2 _aebrary, Inc.
856 4 0 _uhttp://site.ebrary.com/lib/rucke/Doc?id=10330695
_zAn electronic book accessible through the World Wide Web; click to view
999 _c67435
_d67435